000 00708nam a2200265Ia 4500
003 OSt
005 20221006142340.0
006 a|||||r|||| 00| 0
007 ta
008 221006b |||||||| |||| 00| 0 jpn d
020 _a9784061961647
_c¥1600
024 _a6,131
037 _bGift, Japan Foundation
_cTextual
040 _aEASL
_cEASL
_bjpn
041 _2jpn
_ajpn
082 _aO42,3N35, N2
100 _aOE Kenzaburo
245 0 _aKujira no shimetsu suru hi
260 _aTokyo
_bKodansha Japan
_c1992
300 _a700p.
_ccm.
490 _v JL
650 _aJL
942 _hO42,3N35, N2
_cTEXL
_2CC
999 _c1074217
_d1074217